| 000 | 01078nam a2200301 a 4500 | ||
|---|---|---|---|
| 001 | 000016672 | ||
| 003 | DO-SdBNP | ||
| 005 | 20250703134227.0 | ||
| 007 | ta | ||
| 008 | 100309s2002 dr r 000 0 spa d | ||
| 040 |
_aDO-SdBNP _bspa _cBNPHU _erda |
||
| 082 |
_a379.7293 _bM665h _222 |
||
| 100 | 1 |
_aMiniño Cruz, Deyanira de _937016 |
|
| 245 | 1 | 0 |
_aHistoria y añoranzas magisteriales banilejas / _cDeyanira Miniño de Cruz ; prólogo Sergio F. Germán Medrano ; cuidado de edición José Miguel Germán. |
| 250 | _a2a ed. | ||
| 264 | 1 |
_aSanto Domingo : _bAsociación Peravia de Ahorros y Préstamos, _c2002. |
|
| 300 |
_a57 páginas _c21 cm. |
||
| 336 |
_2rdacontent _atexto _btxt |
||
| 337 |
_2rdamedia _asin mediación _bn |
||
| 338 |
_2rdacarrier _avolumen _bnc |
||
| 504 | _aBibliografía : p. 57 | ||
| 590 | _aInventariado, 2019/BT | ||
| 650 | 4 |
_aEducación y estado _zRepublica Dominicana _951256 |
|
| 650 | 0 |
_aEducación _951588 |
|
| 700 | 1 |
_aGermán Medrano, Sergio F., _eprólogo _937017 |
|
| 700 | 1 |
_aGermán, José Miguel, _eedición _924828 |
|
| 942 |
_2ddc _cLBS1 |
||
| 999 |
_c16205 _d16205 |
||